| 000 | 00888nam a22002897a 4500 | ||
|---|---|---|---|
| 001 | 4902 | ||
| 003 | FISKH | ||
| 005 | 20250828112128.0 | ||
| 008 | 241023b cb ||||| |||| 00| 0 eng d | ||
| 040 |
_aFISKH _beng _cFISKH _dFISKH |
||
| 050 | _aPZ7.K875 | ||
| 082 | _a813.54 | ||
| 100 |
_aKrauss, Ruth _d(1901–1993) |
||
| 245 |
_aThe carrot seed / _cby Ruth Krauss Pictures by Crockett Johnson |
||
| 250 | _aThis edition is published in 1945. | ||
| 260 |
_aNew York : _bScholastic, _c1945. |
||
| 300 |
_a22 pages : _bcolor illustrations ; _c21 cm |
||
| 505 | _aH | ||
| 520 | _aDespite everyone's dire predictions, a little boy has faith in the carrot seed he plants. | ||
| 521 | 8 |
_a400
_bLexile |
|
| 521 | 8 |
_aH
_bRaz-Plus |
|
| 650 |
_2Plants _aCarrots |
||
| 650 |
_2Science _aSeeds |
||
| 700 |
_aJohnson, Crockett _dIllustrator |
||
| 942 |
_2ddc _cBK _n0 |
||
| 999 |
_c4902 _d4902 |
||